000 00930nam a2200277 i 4500
001 bg
100 1 _aFISCHER, Zofia
245 1 0 _aEkologia - krajobraz - energia /
_cZofia Fischer, Magomedrasuł Magomedow.
260 _aLublin :
_bTowarzystwo Naukowe Katolickiego Uniwersytetu Lubelskiego,
_c2004.
300 _a250 s. :
_bil. (w tym kolor.) ;
_c24 cm.
490 1 _aPrace Wydziału Matematyczno-Przyrodniczego ;
_v4
504 _aBibliogr.
650 9 _aKrajobraz
_xekologia
650 9 _aKrajobraz
_xgeografia
700 1 _aMAGOMEDOW, Magomedrasuł
700 1 _aMAGOMEDOV, Magomedrasul
830 _aPrace Wydziału Matematyczno-Przyrodniczego ;
020 _a8373061673
040 _cBPK
041 0 _apol
080 _a502.5/.6:574:712
920 _a83-7306-167-3
942 _cKS
008 s pl f |000 0 pol
999 _c45396
_d45396
856 _uhttp://koha.tu.koszalin.pl/cgi-bin/koha/opac-detail.pl?biblionumber=45396
_yKatalog online BPK